| 000 | 00822nam a2200205Ia 4500 | ||
|---|---|---|---|
| 999 |
_c65589 _d65589 |
||
| 003 | GCL | ||
| 005 | 20240530110832.0 | ||
| 008 | 140319s1956 le 000 0 ara d | ||
| 040 |
_aGCL / _cGCL |
||
| 082 | 0 | 4 |
_a926.1/ _bأ ك |
| 100 | 1 | _aاحمد ابن ابى اصيبعة، احمد بن القاسم بن خليفة | |
| 245 | 1 | 0 |
_aكتاب عيون الآنباء فى طبقات الآطباء / _cتاليف موفق الدين ابى العباس احمد بن القاسم بن خليفة بن يونس السعدى الخزرجى |
| 250 | _aط.1 | ||
| 260 |
_aبيروت : _bدار الفكر، _c1956. |
||
| 300 |
_a158ص. ؛ _c24 سم. |
||
| 650 | 0 | 7 |
_2qrmak _aالعلوم عند العرب |
| 650 | 0 | 7 |
_2qrmak _aالطب عند العرب |
| 650 | 0 | 7 |
_2qrmak _aالاطباء _vتراجم |
| 942 |
_2ddc _cBK |
||